000 01331nam a2200289 c 4500
999 _c345529
_d345529
003 BLK
005 20221013141418.0
008 180911b bul|||||r ||||||| ||bul||
010 _a001277
040 _aBLK
041 _aBUL
_cBUL
080 _z244
100 _aКирил, патриарх български
_eпърви автор
_9398283
139 _aКирил, патриарх български
245 0 0 _aПри извора
_nКн. 2
260 _aПловдив
_bБратско слово
_c1943 - 1946
300 _c21 см
380 _a2
490 _aЧастна колекция - Академик Михаил Арнаудов
_gДарение - Основен фонд
500 _aВ кн. авт. означен митрополит Кирил. - Автограф с текст: На г. проф. М. Арнаудов с особено уважение, Пловдивски митрополит Кирил, 28 май 1947 (и на трите тома текста на автографа е един и същ)
655 _aРелигии
_9396805
760 _h225 с.
852 _aМА 299
_bМА
856 _i0.00
_ldisable
942 _cKNG
_n0
_s1
944 _aCR
_c1995
_kValK
999 _d345529
999 _d345529
999 _d345528
999 _d341647
999 _d341647